| 000 | 00695nam a2200193 4500 | ||
|---|---|---|---|
| 001 | 118040 | ||
| 003 | ES-MaACL | ||
| 007 | t| | ||
| 008 | 070214s1985 sp r ||||1| spa d | ||
| 100 | 1 |
_aParaiso, Isabel. _9182994 |
|
| 245 | 1 | 3 |
_aEl verso libre hispánico _b: orígenes y corrientes / _cIsabel Paraíso ; prólogo de Rafael Lapesa. |
| 260 |
_aMadrid : _bGredos, _c1985. |
||
| 300 |
_a454 p. ; _c20 cm. |
||
| 490 | 1 |
_aBiblioteca románica hispánica. II. Estudios y ensayos ; _v339 |
|
| 700 | 0 |
_aLapesa, Rafael, _d1908-2001 _970146 |
|
| 830 | 0 |
_aBiblioteca románica hispánica. II. Estudios y ensayos ; _v339 _9178108 |
|
| 852 |
_aES-MaACL _jL-8279 _bR.108685 |
||
| 999 |
_c118040 _d118040 |
||